[Event "CAN-ch U08"]
[Site "Vancouver"]
[Date "2012.07.04"]
[Round "5"]
[White "Pulfer, Ben"]
[Black "Wu, James"]
[Result "0-1"]
[WhiteElo "580"]
[BlackElo "626"]
[PlyCount "110"]
[EventDate "2012.07.03"]
[EventType "swiss"]
[EventRounds "7"]
[EventCountry "CAN"]
[SourceTitle "EXT 2022"]
[Source "ChessBase"]
[SourceDate "2021.10.06"]
[SourceVersion "1"]
[SourceVersionDate "2021.10.06"]
[SourceQuality "1"]

1. e4 e5 2. Nf3 Nc6 3. Nc3 Nf6 4. Bc4 Bc5 5. 0-0 0-0 6. d3 d6 7. Qd2 Qd7 8. Qg5 h6 9. Qg3 Qe7 10. Bxh6 Bg4 11. Bc1 Bxf3 12. Qxf3 Rad8 13. Qg3 Nh5 14. Qg4 Nf6 15. Qg3 Nd4 16. Be3 Nxc2 17. Rae1 Nxe1 18. Rxe1 Bxe3 19. Qxe3 Ng4 20. Qg3 Nf6 21. Qh4 c6 22. Re3 Rfe8 23. Rh3 Kf8 24. Qh8+ Ng8 25. Bb3 Qf6 26. Rh7 Re7 27. Qxg7+ Qxg7 28. Rxg7 Kxg7 29. Ne2 Nf6 30. Ng3 Ng4 31. Nf5+ Kf6 32. Nxe7 Kxe7 33. Bd1 f5 34. exf5 Rg8 35. h3 Nf6 36. b3 b5 37. b4 Nd5 38. a4 Nc3 39. Bb3 bxa4 40. Bxg8 a3 41. Kf1 a2 42. Bxa2 Nxa2 43. Ke1 Nxb4 44. g4 Nxd3+ 45. Ke2 Nf4+ 46. Kf3 Nxh3 47. Kg3 Ng5 48. Kh4 Kf6 49. Kh5 a5 50. Kh4 a4 51. Kh5 a3 52. Kh4 a2 53. Kh5 a1Q 54. Kh4 Qh1+ 55. Kg3 Qh3# 0-1